000 00338nam a22001097a 4500
082 _a220 PRO
100 _aIMRAN AZIZ, WAQAR ALI,AKHTAR, UMER KHALID, HASEEB
_972351
245 _aPR-SOF-1040-DESIGN AND FABRICATION OF NON-CLOGGING CENRTIFUGAL PUMP
260 _aISLAMABAD
_bNUST COLLEGE OF EME
_c2010
650 _aDE-MECH-28
942 _cCR
999 _c578419
_d578419